Comportamiento organizacional
I tiakina i:
| Kaituhi matua: | |
|---|---|
| Hōputu: | Pukapuka |
| Reo: | Pāniora |
| I whakaputaina: |
Ciudad de México
McGraw Hill
2008
|
| Putanga: | 1a. ed |
| Ngā marau: | |
| Ngā Tūtohu: |
Tāpirihia he Tūtohu
Kāore He Tūtohu, Me noho koe te mea tuatahi ki te tūtohu i tēnei pūkete!
|
MARC
| LEADER | 00000nam a2200000 a 4500 | ||
|---|---|---|---|
| 001 | UCI9232 | ||
| 003 | CL-VaPUC | ||
| 008 | 081030e20080000MX |||||||||||||||||spa|d | ||
| 020 | |a 9789701065136 | ||
| 082 | 0 | 4 | |a 658.3 |b LUT |2 21 |
| 100 | |a Luthans, Fred |e autor |9 532860 | ||
| 245 | 1 | 0 | |a Comportamiento organizacional |
| 250 | |a 1a. ed | ||
| 300 | |a 591 p | ||
| 942 | |c BK | ||
| 945 | |d 20081030 00:00:00 |a jtorresc | ||
| 260 | |a Ciudad de México |b McGraw Hill |c 2008 | ||
| 500 | |a Traducido de la undécima edición en inglés | ||
| 650 | 7 | |a COMPORTAMIENTO DE GRUPO |2 CL-VaPUC |9 335588 | |
| 650 | 0 | |a Comportamiento organizacional |9 311858 | |
| 650 | 0 | |a Gestión administrativa |9 375217 | |
| 650 | 0 | |a Liderazgo |9 271835 | |
| 650 | 7 | |a TRABAJO EN EQUIPO |2 CL-VaPUC |9 393025 | |
| 650 | 0 | |a Toma de decisiones |9 257530 | |
| 650 | 0 | |a Cambio organizacional |9 260741 | |
| 650 | 0 | |a Administración del personal |9 260442 | |
| 583 | |a last modification |c 20081030 00:00:00 |k Rodrigo Vera | ||
| 999 | |c 331811 |d 331809 | ||
| 952 | |0 0 |1 0 |4 0 |6 658_300000000000000_LUT_2008 |7 0 |8 A |9 418940 |a BIBENE |b BIBENE |d 2019-11-22 |i 4494563 |o 658.3 LUT 2008 |p 4494563 |r 2025-01-15 |w 2019-11-22 |y BK |k ICO | ||
| 952 | |0 0 |1 0 |4 0 |6 658_300000000000000_LUT_2008 |7 0 |8 A |9 418941 |a BIBING |b BIBING |d 2019-11-22 |i 4706978 |o 658.3 LUT 2008 |p 4706978 |r 2025-01-20 |w 2019-11-22 |y BK |k ING | ||